| 000 | 01015cam a2200301 i 4500 | ||
|---|---|---|---|
| 001 | 2666174 | ||
| 003 | EG-ScBUE | ||
| 005 | 20240605093510.0 | ||
| 008 | 700106s1969 enka f b 001 0 eng d | ||
| 040 |
_aDLC _beng _erda _cDLC _dDLC _dEG-ScBUE |
||
| 043 | _ae-ur--- | ||
| 082 | 0 | 4 |
_a947.08 _bCOW _222 |
| 100 | 1 |
_aCowles, Virginia, _eauthor. _99658 |
|
| 245 | 1 | 4 |
_aThe Russian dagger : _bCold war in the days of the Czars / _cVirginia Cowles. |
| 264 | 1 |
_aLondon : _bCollins, _c1969. |
|
| 300 |
_a351 pages : _billustrations ; _c24 cm |
||
| 336 |
_2rdacontent _atext _btxt |
||
| 337 |
_aunmediated _2rdamedia _bn |
||
| 338 |
_avolume _bnc _2rdacarrier |
||
| 350 | _a55/- | ||
| 504 | _aIncludes bibliographical references and index. | ||
| 651 | 7 |
_aRussia _xHistory _y1801-1917. _2BUEsh _99659 |
|
| 651 | 7 |
_aRussia _xHistory _yNicholas II, 1894-1917. _2BUEsh _99660 |
|
| 651 | 7 |
_aRussia _xForeign relations _y1801-1917. _2BUEsh _99661 |
|
| 655 | _vReading book | ||
| 942 |
_2ddc _cBB |
||
| 999 |
_c12984 _d12984 |
||